000 00536nam a2200181Ia 4500
008 240925s9999 xx 000 0 und d
020 _a9780262032933
082 _a005.1 COR
100 _aCormen ,Thomas H.; Leiserson ,Charies E.; Rivest ,Ronald L.
245 0 _aIntroduction To Algorithms
250 _a2nd
260 _aToronto:
_bMc Graw-Hill
_cNA
300 _axxi,1180p.
_bNA
_fPirated
500 _aIncludes Index
600 _aEngineering Technology
650 _aComputer science, information & general works
942 _cBK
999 _c7406
_d7406